El impacto de Internet en el derecho fundamental a la protección de datos de carácter personal (Registro nro. 4929)

Detalles MARC
000 -Cabecera
Campo de control de longitud fija 00748aam a2200265 4500
005 - Fecha y hora de la última transacción
Campo de control 20260309154642.0
008 - Elementos de longitud fija--Información general
Campo de control de longitud fija 150421b xxu||||| |||| 00| 0 spa d
020 ## - International Standard Book Number
Número Internacional Estándar del Libro (ISBN) 8447026884
041 ## - Idioma
Código de idioma Español
082 ## - Clasificación Decimal Dewey
Número de clasificación 364.147 G934i
100 ## - Entrada principal--Autor personal
Nombre personal Guerrero Pico, María del Carmen
9 (RLIN) 34506
245 ## - Título propiamente dicho
Título El impacto de Internet en el derecho fundamental a la protección de datos de carácter personal
260 ## - Pie de imprenta
Lugar de publicación, distribución, etc. España
260 ## - Pie de imprenta
Nombre del editor, distribuidor, etc. Thomson
260 ## - Pie de imprenta
Fecha de publicación, distribución, etc. 2006
300 ## - Descripción física
Extensión 587 páginas
490 ## - Serie
Título de la Serie Investigación Criminal
650 ## - Materia general
Temática (materia general) RROTECCIÓN DE DATOS
650 ## - Materia general
Temática (materia general) EVOLUCIÓN NORMATIVA
650 ## - Materia general
Temática (materia general) USO INFORMÁTICO
650 ## - Materia general
Temática (materia general) DERECHO DE LAS PERSONAS
650 ## - Materia general
Temática (materia general) INTERNET
650 ## - Materia general
Temática (materia general) ENTORNO VIRTUAL
942 ## - Punto de acceso adicional KOHA
Tipo de ítem KOHA Libro
Fuente del sistema de clasificación o colocación Dewey Decimal Classification
Existencias
Signatura completa Código de barras Programa Académico Tipo de ítem
364.147 G934i 13700 Investigación Criminal Libro